เส้นทางคมนาคมของไทย : (ระเบียนเลขที่ 30607)
| 000 -LEADER | |
|---|---|
| fixed length control field | 01528nam a22002417a 4500 |
| 003 - CONTROL NUMBER IDENTIFIER | |
| control field | NALT |
| 005 - DATE AND TIME OF LATEST TRANSACTION | |
| control field | 20210810152949.0 |
| 008 - FIXED-LENGTH DATA ELEMENTS--GENERAL INFORMATION | |
| fixed length control field | s2543 th tha d |
| 040 ## - CATALOGING SOURCE | |
| Original cataloging agency | NALT |
| 041 ## - LANGUAGE CODE | |
| Language code of text/sound track or separate title | tha |
| 090 ## - LOCALLY ASSIGNED LC-TYPE CALL NUMBER (OCLC); LOCAL CALL NUMBER (RLIN) | |
| Classification number (OCLC) (R) ; Classification number, CALL (RLIN) (NR) | ว HE192.55.T5 ส958ส 2543 |
| 100 0# - MAIN ENTRY--PERSONAL NAME | |
| Personal name | แสงชัย เอกพัฒนพาณิชย์ |
| 245 10 - TITLE STATEMENT | |
| Title | เส้นทางคมนาคมของไทย : |
| Remainder of title | ประตูสู่การพัฒนาการค้า การลงทุนและการบริการในอนุภูมิภาคลุ่มแม่น้ำโขง (หกเหลี่ยมเศรษฐกิจ) / |
| Statement of responsibility, etc. | แสงชัย เอกพัฒนพาณิชย์ |
| 260 3# - PUBLICATION, DISTRIBUTION, ETC. | |
| Place of publication, distribution, etc. | กรุงเทพฯ : |
| Name of publisher, distributor, etc. | วิทยาลัยป้องกันราชอาณาจักร, |
| Date of publication, distribution, etc. | 2543 |
| 300 ## - PHYSICAL DESCRIPTION | |
| Extent | 96 หน้า : |
| Other physical details | ตาราง, แผนภาพ ; |
| Dimensions | 29 ซม. |
| 650 04 - SUBJECT ADDED ENTRY--TOPICAL TERM | |
| Topical term or geographic name entry element | คมนาคม -- หกเหลี่ยมเศรษฐกิจ -- วิจัย |
| 650 04 - SUBJECT ADDED ENTRY--TOPICAL TERM | |
| Topical term or geographic name entry element | คมนาคม -- ไทย -- วิจัย |
| 650 04 - SUBJECT ADDED ENTRY--TOPICAL TERM | |
| Topical term or geographic name entry element | ความสัมพันธ์ทางเศรษฐกิจกับต่างประเทศ -- วิจัย |
| 650 04 - SUBJECT ADDED ENTRY--TOPICAL TERM | |
| Topical term or geographic name entry element | ไทย -- ความสัมพันธ์ทางเศรษฐกิจกับต่างประเทศ -- ลุ่มแม่น้ำโขง -- วิจัย |
| 850 ## - HOLDING INSTITUTION | |
| Holding institution | NALT |
| 942 ## - ADDED ENTRY ELEMENTS (KOHA) | |
| Koha item type | Research/Thesis |
| Source of classification or shelving scheme | Library of Congress Classification |
| 998 ## - STAFF NAME (NALT) | |
| -- | 109 |
| -- | อารีรัตน์ วิชาช่าง |
| Withdrawn status | Lost status | Damaged status | Not for loan | Collection code | Home library | Current library | Total Checkouts | Full call number | Barcode | Date last seen | Price effective from | Koha item type |
|---|---|---|---|---|---|---|---|---|---|---|---|---|
| Research & Theses collection | National Assembly Library of Thailand | National Assembly Library of Thailand | ว HE192.55.T5 ส958ส 2543 | 3961137701 | 09/06/2017 | 09/06/2017 | Research/Thesis |
